Statistiques concernant Devinez l'État Américain Mystère #4

Cliquez ici pour prendre le quiz!

Statistiques générales

  • Ce quiz a été pris 238 fois
  • Le résultat moyen est 28 sur 32

Statistiques - réponses

Type de RéponseRéponse% Correct
Lettre TrouvéeA
99%
Lettre de l'AlphabetI
99%
Lettre de l'AlphabetH
98%
Lettre de l'AlphabetO
98%
Lettre TrouvéeE
97%
Lettre de l'AlphabetN
97%
Lettre de l'AlphabetW
97%
Lettre de l'AlphabetL
96%
Lettre de l'AlphabetR
96%
Lettre TrouvéeS
96%
Lettre de l'AlphabetD
95%
Lettre de l'AlphabetK
95%
Lettre de l'AlphabetM
95%
Lettre TrouvéeT
93%
Lettre de l'AlphabetG
92%
Lettre de l'AlphabetU
92%
Lettre de l'AlphabetC
90%
Lettre de l'AlphabetF
90%
Lettre de l'AlphabetY
88%
Lettre de l'AlphabetV
87%
Lettre de l'AlphabetB
85%
Lettre Bien PlacéeA
84%
Lettre de l'AlphabetP
83%
Lettre de l'AlphabetJ
80%
Lettre de l'AlphabetZ
80%
Lettre Bien PlacéeE
78%
Lettre de l'AlphabetQ
78%
Lettre Bien PlacéeS
78%
Lettre Bien PlacéeT
78%
État MystèreTexas
78%
Lettre TrouvéeX
78%
Lettre Bien PlacéeX
78%

Distribution des résultats

Percentile par nombre de réponses

% des personnes avec chaque résultat

Votre développement - résultats

Vous n’avez pas pris ce quiz